Entremes del paloteado (Record no. 137212)

MARC details
000 -CABECERA
campo de control de longitud fija 01877nam a2200433 i 4500
001 - NÚMERO DE CONTROL
campo de control 991061731899506706
003 - IDENTIFICADOR DEL NÚMERO DE CONTROL
campo de control ES-BaIT
005 - FECHA Y HORA DE LA ÚLTIMA TRANSACCIÓN
campo de control 20260306121747.0
008 - DATOS DE LONGITUD FIJA--INFORMACIÓN GENERAL
campo de control de longitud fija 260306q17241756sp | 000 d spa c
040 ## - FUENTE DE LA CATALOGACIÓN
Centro catalogador/agencia de origen ES-BaIT
Lengua de catalogación cat
Normas de descripción rda
Centro/agencia transcriptor ES-BaIT
080 ## - NÚMERO DE LA CLASIFICACIÓN DECIMAL UNIVERSAL
Número de la Clasificación Decimal Universal 860-2"17"
245 00 - MENCIÓN DE TÍTULO
Título Entremes del paloteado
246 3# - FORMA VARIANTE DE TÍTULO
Título propio/Titulo breve Paloteado
264 #1 - PRODUCCIÓN, PUBLICACIÓN, DISTRIBUCIÓN, FABRICACIÓN Y COPYRIGHT
Nombre del de productor, editor, distribuidor, fabricante En Sevilla,
-- en la Imprenta Real de D. Diego Lopez de Haro, en calle de Genova,
Fecha de producción, publicación, distribución, fabricación o copyright [entre 1724 i 1756]
336 ## - TIPO DE CONTENIDO
Término de tipo de contenido text
Código de tipo de contenido txt
Fuente rdacontent
337 ## - TIPO DE MEDIO
Nombre/término del tipo de medio sense mediació
Código del tipo de medio n
Fuente rdamedia
338 ## - TIPO DE SOPORTE
Nombre/término del tipo de soporte volum
Código del tipo de soporte nc
Fuente rdacarrier
500 ## - NOTA GENERAL
Nota general Precedeix al títol: "Num. 49."
500 ## - NOTA GENERAL
Nota general Dades d'edició obtingudes del colofó
500 ## - NOTA GENERAL
Nota general Data d'edició deduïda dels anys d'activitat de l'editor
520 8# - SUMARIO, ETC.
Sumario, etc. Signatura: A⁴
530 ## - NOTA DISPONIBLE DE FORMULARIO FÍSICO ADICIONAL
Nota de formato físico adicional disponible Reproducció digital disponible a Biblioescènic
593 ## - Camps col·lecció exemplar
Signatura topogràfica i/o núm. de registre VIT-084/13.
Notes Relligat en volum factici.
Digitalització Exemplar digitalitzat per Crossland, 2022.
Nom de la col·lecció especial Artur Sedó. Col·lecció Joaquín Montaner
593 00 - Camps col·lecció exemplar
Notes holand. granate. Procedència: Col·lecció Joaquín Montaner
655 #7 - TÉRMINO DE INDIZACIÓN--GÉNERO/FORMA
Datos o término principal de género/forma Entremesos castellans
Subdivisión cronológica S. XVIII
Fuente del término lemac
9 (RLIN) 168430
700 1# - ENTRADA AGREGADA--NOMBRE PERSONAL
Nombre de persona López de Haro, Diego,
Fechas asociadas al nombre actiu 1724-1756
Término indicativo de función/relación impressor
9 (RLIN) 110849
710 2# - ENTRADA AGREGADA--NOMBRE DE ENTIDAD CORPORATIVA
Nombre de entidad corporativa o nombre de jurisdicción como elemento de entrada Imprenta Real (Sevilla)
Término indicativo de función/relación impressor
9 (RLIN) 162702
730 0# - ENTRADA AGREGADA--TÍTULO UNIFORME
Título uniforme Col·lecció digital Biblioescènic del MAE
9 (RLIN) 69172
752 ## - ENTRADA AGREGADA--NOMBRE JERÁRQUICO DEL LUGAR
País o entidad superior Espanya
Ciudad Sevilla
856 41 - LOCALIZACIÓN Y ACCESO ELECTRÓNICOS
Nota pública Accés lliure (Biblioescènic)
Identificador Uniforme del Recurso <a href="https://books.cdmae.cat/visorpdf/?recurs=SV0084-13">https://books.cdmae.cat/visorpdf/?recurs=SV0084-13</a>
856 41 - LOCALIZACIÓN Y ACCESO ELECTRÓNICOS
Nota pública Accés lliure (Biblioteca Digital Hispánica)
Identificador Uniforme del Recurso <a href="https://bnedigital.bne.es/bd/card?id=9a73674b-417d-4267-8650-c99ba4e77c21">https://bnedigital.bne.es/bd/card?id=9a73674b-417d-4267-8650-c99ba4e77c21</a>
856 42 - LOCALIZACIÓN Y ACCESO ELECTRÓNICOS
Especificación de materiales Fitxa del catàleg manual
Identificador Uniforme del Recurso <a href="http://www.cdmae.cat/sedo/imgtitulos/053/P0000183.gif">http://www.cdmae.cat/sedo/imgtitulos/053/P0000183.gif</a>
902 ## - ELEMENTOS DE DATOS B LOCAL, LDB (RLIN)
a Fons antic
902 ## - ELEMENTOS DE DATOS B LOCAL, LDB (RLIN)
a Patrimoni
908 ## - COLOCAR PARÁMETRO DE COMANDO (RLIN)
Colocar parámetro de comando CDMAE
940 ## - EQUIVALENCIA O REFERENCIA-CRUZADA--TÍTULO UNIFORME [OBSOLETO] [solamente CAN/MARC]
Título uniforme <a href="CDMAE">CDMAE</a>
942 ## - ELEMENTOS DE ENTRADA AGREGADA (KOHA)
Fuente del sistema de clasificación o colocación Clasificación decimal universal
Tipo de ítem Koha Digital
Holdings
Estado de retiro Estado de pérdida Fuente del sistema de clasificación o colocación Estado dañado No para préstamo Código de colección Localización permanente Ubicación/localización actual Ubicación en estantería Fecha de adquisición Fuente de adquisición Total de préstamos Signatura topográfica completa Código de barras Fecha visto por última vez Precio válido a partir de Tipo de ítem Koha
    Clasificación decimal universal   Exclòs de préstec Artur Sedó. Col·lecció Joaquín Montaner Biblioteca Barcelona Biblioteca Barcelona BCN Magatzem Sedó Vitrina 06/03/2026 Reconversió   VIT-084/13 vit08413 06/03/2026 06/03/2026 Antiquària

Powered by Koha